000 00598nam a2200169Ia 4500
003 GCL
008 140319s9999 xx 000 0 ara d
040 _aGCL /
_cGCL
082 0 4 _a330.953
_bى ا
100 1 _aيحيى حلمى رجب
245 1 0 _aامن الخليج العربى فى ضوء المتغيرات الاقليمية والعالمية /
_cيحيى حلمى رجب
300 _a217 ص
490 _aقضايا دولية واقليمية
_v0
650 0 4 _aالخليج العربى
650 0 4 _aالخليج العربى - الاحوال الاقتصادية
942 _2ddc
_cBK
999 _c48365
_d48365